000 00566nam a2200217Ia 4500
003 OSt
005 20220928143234.0
006 a|||||r|||| 00| 0
007 ta
008 220927b |||||||| |||| 00| 0 eng d
024 _a21456
037 _cTextual
040 _aSDCL
_cSDCL
_beng
041 _2eng
_aeng
082 _aW691y7M18:g(T), L7
100 _aPrice Ronald F
_9504925
245 0 _aMarx and education in Russia and China
260 _c1977
942 _hW691y7M18:g(T), L7
_cTEXL
_2CC
999 _c823495
_d823495